000
00219nam a22000857a 4500
008
160805b xxu||||| |||| 00| 0 eng d
100
_9
47
_a
Singh N
245
_a
Secondary Physics-X
260
_a
New Delhi
_b
APC Publication
_c
2011
999
_c
2699
_d
2699